000 00665nam a2200193Ia 4500
005 20250508161744.0
008 008 250505s9999 xx 000 0 eng d
037 _aBooks to be hide in OPAC
040 _aFEDL
_beng
_cFEDL
041 _aeng
_2eng
084 _a016.37, EDU/O
_qFEDL
100 _aHewitt Marylouise Ed.
_9771505
245 0 _aEducation index: July 1973-June 1974
260 _aNew York, USA
_bThe H W Wilson Company
_c1974
300 _axix,924p.
546 _aA cumulative author subject index to a selected list of educational periodicals, proceedings, and yearbooks
942 _cHB
_h016.37, EDU/O
999 _c1371936
_d1371936